000 00327nam a2200145Ia 4500
003 OSt
005 20240203155418.0
008 170524s9999 xx 000 0 und d
020 _a978-0198604389
040 _cIIMT
100 _aPearsall- Judy
245 4 _aThe Concise oxford Dictionary
260 _bOxford
942 _2ddc
_c02
999 _c6407
_d6407